000 00971nam a2200253Ia 4500
003 OSt
005 20221005112527.0
006 a|||||r|||| 00| 0
007 ta
008 221004b |||||||| |||| 00| 0 pan d
020 _a9789350683972 (hbk)
_c395
024 _a17432
037 _b913, 20/03/2015, H.K. Prakashan
_cTextual
040 _aCRL
_cCRL
_bpan
041 _2pan
_apan
082 _aO153,3NDAw, Q3
100 _aਘੁੰਮਣ, ਰਵਿੰਦਰ ਸਿੰਘ, ਥਦ.
_9156325
245 0 _aਗੱਲਾਂ ਚੋ੍ਵ ਗੱਲ
_b ਬਲਦੇਵ ਸਿੰਘ ਧਾਲੀਵਾਲ ਨਾਲ ਸੰਵਾਦ
260 _aਚੰਡੀਗੜ
_bਲੋਕਗੀਤ ਭਾਰਤ
_c2013
300 _a191ਪੰ
_ccm.
650 _aਪੰਜਾਬੀ ਸਾਹਿਤ
942 _hO153,3NDAw, Q3
_cTEXL
_2cc
999 _c1025165
_d1025165